ბათუმის შოთა რუსთაველის სახელმწიფო უნივერსიტეტის ბიბლიოთეკა

International Security Studies (ბიბ.ჩანაწერი № 49479)

000 -LEADER
fixed length control field 00751nam a2200265Ia 4500
001 - CONTROL NUMBER
control field 16403
003 - CONTROL NUMBER IDENTIFIER
control field GE_BSU
008 - FIXED-LENGTH DATA ELEMENTS--GENERAL INFORMATION
fixed length control field 181216s||||||||xx |||||||||||||| ||und||
020 ## - INTERNATIONAL STANDARD BOOK NUMBER
International Standard Book Number 9781315816814((ebk)
040 ## - CATALOGING SOURCE
Transcribing agency GE_BSU
080 ## - UNIVERSAL DECIMAL CLASSIFICATION NUMBER
Universal Decimal Classification number 355.03
100 ## - MAIN ENTRY--PERSONAL NAME
Personal name Peter Hough, Shahin Malik, Andrew Moran, Bruce Pilbeam
245 ## - TITLE STATEMENT
Title International Security Studies
245 ## - TITLE STATEMENT
Remainder of title Theory and Practice
260 ## - PUBLICATION, DISTRIBUTION, ETC.
Place of publication, distribution, etc. London And New York
260 ## - PUBLICATION, DISTRIBUTION, ETC.
Name of publisher, distributor, etc. Routledge:Taylor & Francis Group
260 ## - PUBLICATION, DISTRIBUTION, ETC.
Date of publication, distribution, etc. 2015
300 ## - PHYSICAL DESCRIPTION
Extent 492 p; ill,24cm
300 ## - PHYSICAL DESCRIPTION
Accompanying material bibliogr.:p.449-472
653 ## - INDEX TERM--UNCONTROLLED
Uncontrolled term HISTORY , Military , Other
653 ## - INDEX TERM--UNCONTROLLED
Uncontrolled term International Security Studies
653 ## - INDEX TERM--UNCONTROLLED
Uncontrolled term სამხედრო,ისტორია
942 ## - ADDED ENTRY ELEMENTS (KOHA)
Koha item type წიგნი
ეგზემპლარები
Withdrawn status Lost status Damaged status Not for loan Date acquired Barcode Date last seen Price effective from Koha item type
        2018-12-17 41142 2018-12-17 2018-12-17 წიგნი